Kvantitatívní metody v informatice

Gespeichert in:
Bibliographische Detailangaben
1. Verfasser: Königová, Marie
Körperschaft: Univerzita Karlova v Praze
Format: Buch
Sprache:Tschechisch
Veröffentlicht: Praha Státní pedagogické nakladatelství 1986
Ausgabe:2. vyd.
Tags: Tag hinzufügen
Keine Tags, Fügen Sie das erste Tag hinzu!

MARC

LEADER 00000nam a2200000 4500
001 c035449
005 20221220071854.1
041 0 |a cze 
044 |a CZ 
245 1 0 |a Kvantitatívní metody v informatice  |c Marie Königová 
250 |a 2. vyd. 
264 1 |a Praha  |b Státní pedagogické nakladatelství  |c 1986 
300 |a 200 s. 
100 1 |a Königová, Marie 
710 2 |a Univerzita Karlova v Praze